| 000 | 00386nam a2200121Ia 4500 | ||
|---|---|---|---|
| 008 | 220616s9999||||xx |||||||||||||| ||und|| | ||
| 245 | 0 | _aFlow Measurement | |
| 546 | _aEnglish[eng] | ||
| 650 | _aMechanics of fluids | ||
| 700 | _aUrquiza Beltrá, Gustavo||Castro Gó, Laura L. | ||
| 856 | _uhttps://mts.intechopen.com/storage/books/1651/authors_book/authors_book.pdf | ||
| 942 | _cEB | ||
| 999 |
_c19823 _d19823 |
||